00573nam a2200193 a 4500001001300000003000900013005001700022008004100039020002200080082001500102100002600117245007200143260002500215300000800240500003500248505005500283650001500338700002600353nice12345678IN_TiNIC20260116015044.0050524s1998 dela grp 000 0 eng  a8172142 c6500a211.6bGRE aGregorios, Paulos Mar aSecular Ideologyb an Impotent Remedy for India`s Communal Problem. aDelhi bISPCK c1998 a98p aincludes index and biblioraphy2 aTeaching and Tites of Islam According to the Text. aSecularism1 aGregorios, Paulos Mar